| 000 | 00998nam a2200301 a 4500 | ||
|---|---|---|---|
| 001 | 000001856 | ||
| 003 | DO-SdBNP | ||
| 005 | 20250612132314.0 | ||
| 008 | 090629s2002 dr r 000 0 spa d | ||
| 020 | _a9993488100 | ||
| 040 |
_aDO-SdBNP _bspa _cBNPHU |
||
| 082 |
_a341.232 _bR457r, 2002 |
||
| 100 | 1 |
_aReyes Sánchez, Miguel _d1966- _92285 |
|
| 245 | 1 | 0 |
_aReformas del consejo de seguridad de las Naciones Unidas / _cMiguel Reyes Sánchez. |
| 246 | 1 | 4 | _aReforma del consejo de seguridad de las Naciones Unidas |
| 250 | _a2a ed. | ||
| 260 |
_aSanto Domingo : _bCumbre, _c2002. |
||
| 300 |
_a215 p. ; _c23 cm. |
||
| 500 | _aIncluye índice | ||
| 504 | _aBibliografía : p. 201-215. | ||
| 590 | _aInventariado, 2018/BT | ||
| 610 | 2 | 4 |
_aNaciones Unidas _91239 _bConsejo de Seguridad |
| 610 | 2 | 4 |
_aNaciones Unidas _91239 _xHistoria |
| 610 | 2 | 4 |
_aNaciones Unidas _vCarta _91239 |
| 650 | 4 |
_aSeguridad internacional _92289 |
|
| 910 | _aValidado control de calidad. MMOLINA | ||
| 942 |
_2ddc _cLBS1 |
||
| 999 |
_c1733 _d1733 |
||